انتهى الدرس يا تشارلي. خفايا كوكب القرود. الهروب من نيويورك. أسطورة الرجل الخفي. العملية الشيطانية / (رقم التسجيلة. 49160)

تفاصيل مارك
000 -LEADER
fixed length control field 01045nam a22002897a 4500
005 - DATE AND TIME OF LATEST TRANSACTION
control field 20251108170808.0
008 - FIXED-LENGTH DATA ELEMENTS--GENERAL INFORMATION
fixed length control field 250721s1990 xx 000 0 ara d
020 ## - INTERNATIONAL STANDARD BOOK NUMBER
International Standard Book Number 9774900731
082 14 - DEWEY DECIMAL CLASSIFICATION NUMBER
Classification number ط/ق/قاس
100 1# - MAIN ENTRY--PERSONAL NAME
Personal name قاسم، محمود
Relator term Tran.
245 10 - TITLE STATEMENT
Title انتهى الدرس يا تشارلي. خفايا كوكب القرود. الهروب من نيويورك. أسطورة الرجل الخفي. العملية الشيطانية /
264 1# - PRODUCTION, PUBLICATION, DISTRIBUTION, MANUFACTURE, AND COPYRIGHT NOTICE
Place of production, publication, distribution, manufacture القاهرة :
Name of producer, publisher, distributor, manufacturer نهضة مصر،
Date of production, publication, distribution, manufacture, or copyright notice 1990.
300 ## - PHYSICAL DESCRIPTION
Extent 135ص.
490 0# - SERIES STATEMENT
Series statement أجمل حكايات الدنيا : حكايات الخيال العلمي
Volume/sequential designation 4
650 17 - SUBJECT ADDED ENTRY--TOPICAL TERM
Topical term or geographic name as entry element الاطفال
650 17 - SUBJECT ADDED ENTRY--TOPICAL TERM
Topical term or geographic name as entry element القصص
653 ## - INDEX TERM--UNCONTROLLED
Uncontrolled term (سنة 14-10) ناشئون صغار
653 ## - INDEX TERM--UNCONTROLLED
Uncontrolled term القصص المترجمة
700 1# - ADDED ENTRY--PERSONAL NAME
Personal name عمران، جلال
Relator term Cart.
700 1# - ADDED ENTRY--PERSONAL NAME
Personal name كيزي، دانييل
700 1# - ADDED ENTRY--PERSONAL NAME
Personal name بول، بيير
700 1# - ADDED ENTRY--PERSONAL NAME
Personal name كارنتير، جون
700 1# - ADDED ENTRY--PERSONAL NAME
Personal name ويلز، ه.ج
700 1# - ADDED ENTRY--PERSONAL NAME
Personal name أبلي، دافيد
942 ## - ADDED ENTRY ELEMENTS (KOHA)
Source of classification or shelving scheme Dewey Decimal Classification
Koha item type كتب
المقتنيات
حالة السحب حالة الفقدان مصدر التصنيف حالة التلف غير قابل للإعارة المكتبة الرئيسية المكتبة الحالية موقع الرف تاريخ التزويد الرقم المتسلسل Total Checkouts رقم الإستدعاء تاريخ آخر ظهور تاريخ الفاتورة نوع المادة (كوها) الباركود
    Dewey Decimal Classification     مكتبة أم المؤمنين للأطفال مكتبة أم المؤمنين للأطفال الأطفال 28/07/2025 350714   ط/ق/قاس 28/07/2025 28/07/2025 كتب 350714
    Dewey Decimal Classification Unchecked   مكتبة أم قصير والمقابلين العامة مكتبة أم قصير والمقابلين العامة الأطفال 06/07/2004 350731   ط/ق/قاس 28/07/2025 06/07/2004 كتب  
    Dewey Decimal Classification Unchecked   مكتبة الجويدة مكتبة الجويدة الأطفال 06/07/2004 350723   ط/ق/قاس 28/07/2025 06/07/2004 كتب  
    Dewey Decimal Classification     مكتبة الحسن العامة مكتبة الحسن العامة الأطفال 06/07/2004 350727   ط/ق/قاس 28/07/2025 06/07/2004 كتب 350727
    Dewey Decimal Classification Unchecked   مكتبة وادي السير العامة مكتبة وادي السير العامة الأطفال 06/07/2004 350721   ط/ق/قاس 28/07/2025 06/07/2004 كتب  
Implemented & Customized by: BBB with SCIT (Smart Chains for Information Technology)

Powered by Koha